000 00484cam a22002054a 4500
005 20250605164314.0
008 250528s ||||||||||||||||||||||||d
035 _a22615
020 _a9780072411638
040 _aGR-AtMCL
_bgre
_dGR-AtMCL
_eAACR2
245 1 _aC++ PROGRAM DESIGN
250 _a3
260 _bMcgraw Hill,
_c2002
300 _a948
700 1 _aCohoon James P
_98376
700 1 _aDavidson Jack W
_98377
942 _cBK
999 _c7663
_d7663